Princípy regulácie účtovníctva (s akcentom na oceňovanie)
Harmonizácia účtovníctva - princípy. Účtovná závierka podľa Koncepčného rámca IAS/IFRS. Existujú dva ucelené súbory účtovných zásad a štandardov, ktoré tvoria základ vznikajúceho svetového účtovníctva, a to historicky staršie americké účtovné zásady a štandardy (USGAAP) a medzinárodné účtovné štanda...
Saved in:
| Main Author: | |
|---|---|
| Other Authors: | |
| Format: | Book Chapter |
| Language: | Slovak |
| Subjects: | |
| Tags: |
No Tags, Be the first to tag this record!
|
MARC
| LEADER | 00000nla a2200000 4500 | ||
|---|---|---|---|
| 001 | 0200370 | ||
| 005 | 20240417075057.4 | ||
| 041 | 0 | |a slo | |
| 044 | |a SK | ||
| 245 | 1 | 0 | |a Princípy regulácie účtovníctva (s akcentom na oceňovanie) |c Karolína Červená, Anna Románová |
| 520 | |a Harmonizácia účtovníctva - princípy. Účtovná závierka podľa Koncepčného rámca IAS/IFRS. Existujú dva ucelené súbory účtovných zásad a štandardov, ktoré tvoria základ vznikajúceho svetového účtovníctva, a to historicky staršie americké účtovné zásady a štandardy (USGAAP) a medzinárodné účtovné štandardy (IAS/IFRS) - porovnanie. Princípy účtovníctva v EÚ. Princípy harmonizácie v oceňovaní. Účtovné výkazy sa stávajú stále viac nezrozumiteľnými a neobjektívnymi (a to nie len pre laikov) a zároveň IAS/IFR v súčasnosti upúšťajú od dodržiavania zásady opatrnosti v účtovníctve, čo môže v konečnom dôsledku viesť k skresľovaniu, resp. k deformovaniu informačnej hodnoty účtovných informácií (čoho následkom môžu byť chybné manažérske rozhodnutia). | ||
| 610 | 2 | 0 | |a účtovníctvo |
| 610 | 2 | 0 | |a harmonizácia |
| 610 | 2 | 0 | |a štandardy účtovné americké |
| 610 | 2 | 0 | |a štandardy účtovné medzinárodné |
| 610 | 2 | 0 | |a oceňovanie |
| 610 | 2 | 0 | |a oceňovanie transferové |
| 610 | 2 | 0 | |a výkazy účtovné |
| 100 | 1 | |a Červená, Karolína | |
| 700 | 1 | |a Románová, Anna | |